| 000 | 00611cam a22002411 4500 | ||
|---|---|---|---|
| 001 | sa 68016912 | ||
| 003 | DLC | ||
| 005 | 20260227112658.0 | ||
| 008 | 890614s1968 ii 000 0 maro | ||
| 010 | _asa 68016912 | ||
| 035 | _a(OCoLC)19869418 | ||
| 040 |
_aDLC _cWaU _dDLC |
||
| 042 | _apremarc | ||
| 043 | _aa-ii--- | ||
| 050 | 0 | 0 |
_aDS480.84 _b.D283 |
| 100 | 1 |
_aDalwai, Hamid Umar, _d1932-1977. |
|
| 245 | 1 | 0 | _aMuslima jātīyatece svarūpa. |
| 260 | _c[1968] | ||
| 300 |
_a52 p. _c19 cm. |
||
| 500 | _aIn Marathi. | ||
| 650 | 0 |
_aMuslims _zIndia. |
|
| 651 | 0 |
_aIndia _xPolitics and government _y1947- |
|
| 999 |
_c87392 _d87392 |
||